Score 0/24 Timer 06:00
5 Plays Today
% Correct
George Clooney
96.8%
Harrison Ford
93.7%
Bill Murray
90.2%
Brad Pitt
89.8%
Leonardo DiCaprio
89%
Russell Crowe
87.6%
Mel Gibson
86.5%
Robert De Niro
86.1%
Jim Carrey
85.8%
Christian Bale
82.7%
Pierce Brosnan
80.6%
Daniel Radcliffe
80.3%
% Correct
Dustin Hoffman
71%
Jake Gyllenhaal
66.6%
Stephen Colbert
65.3%
Jeff Bridges
64.8%
Mark Hamill
57.2%
Jon Hamm
56.2%
Sting
51%
Viggo Mortensen
50.3%
Daniel Day-Lewis
50.2%
Matthew McConaughey
49.7%
David Letterman
44.1%
Michael Stipe
28.4%

You're not logged in!

Compare scores with friends on all Sporcle quizzes.
OR
Log In

Sporcle TV

Today on Sporcle TV


Watch our educational content, quiz creation guides, and fun videos on Sporcle TV.

Show Comments

Extras

Top Quizzes Today


Score Distribution

Paid Content

Your Account Isn't Verified!

In order to create a playlist on Sporcle, you need to verify the email address you used during registration. Go to your Sporcle Settings to finish the process.

Report this User

Report this user for behavior that violates our Community Guidelines.

Details: